Introducing research Methodology: A beginner's guide to doing a research project (Record no. 159979)

MARC details
000 -LEADER
fixed length control field 00412nam a2200145Ia 4500
008 - FIXED-LENGTH DATA ELEMENTS--GENERAL INFORMATION
fixed length control field 230917s9999||||xx |||||||||||||| ||und||
040 ## - CATALOGING SOURCE
-- 188529
Original cataloging agency VIVEKANANDA LIBRARY
041 ## - Language
-- English
082 ## - DDC NUMBER
Classification number 300.72 F641I
100 ## - MAIN ENTRY--PERSONAL NAME
Personal name Flick, Uwe
245 #0 - TITLE STATEMENT
Title Introducing research Methodology: A beginner's guide to doing a research project
260 ## - PUBLICATION, DISTRIBUTION, ETC. (IMPRINT)
Place of publication, distribution, etc London
Name of publisher, distributor, etc Sage Publications
Date of publication, distribution, etc 2011
300 ## - PHYSICAL DESCRIPTION
Pages xvii, 271 p.
942 ## - ADDED ENTRY ELEMENTS (KOHA)
Koha item type Books
Holdings
Withdrawn status Lost status Damaged status Not for loan Location (home branch) Sublocation or collection (holding branch) Date acquired Koha issues (times borrowed) Koha full call number Accession No. Koha date last seen Koha item type Shelving location
        VIVEKANANDA LIBRARY VIVEKANANDA LIBRARY 15/02/2012   300.72 F641I 293293 17/09/2023 Books  
        VIVEKANANDA LIBRARY VIVEKANANDA LIBRARY 15/02/2012 2 300.72 F641I 297259 29/03/2024 Books  
        VIVEKANANDA LIBRARY VIVEKANANDA LIBRARY 15/02/2012   300.72 F641I 297260 17/09/2023 Books  
        VIVEKANANDA LIBRARY VIVEKANANDA LIBRARY 15/02/2012   300.72 F641I 303284 17/09/2023 Books IHTM Library
        VIVEKANANDA LIBRARY VIVEKANANDA LIBRARY 15/02/2012   300.72 F641I 327442 17/09/2023 Books IHTM Library
        VIVEKANANDA LIBRARY VIVEKANANDA LIBRARY 15/02/2012   300.72 F641I 327443 17/09/2023 Books IHTM Library
        VIVEKANANDA LIBRARY VIVEKANANDA LIBRARY 15/02/2012   300.72 F641I 327444 17/09/2023 Books IHTM Library
        VIVEKANANDA LIBRARY VIVEKANANDA LIBRARY 15/02/2012   300.72 F641I 342126 17/09/2023 Books IHTM Library
        VIVEKANANDA LIBRARY VIVEKANANDA LIBRARY 15/02/2012   300.72 F641I 348543 17/09/2023 Books  
© Designed and Maintained by Vivekananda Library, MDU Rohtak